Tilastot visalle Latvia-visa

Klikkaa tästä pelataksesi tätä visaa!

Yleistilastot

  • Tätä visaa on pelattu 353 kertaa
  • Keskiarvotulos 11 / 20

Vastaustilastot

VihjeVastaus% Oikein
NaapurimaatLiettua
100%
NaapurimaatVenäjä
99%
NaapurimaatViro
99%
PääkaupunkiRiika
98%
Valtio, josta Latvia itsenäistyi 1991Neuvostoliitto
96%
Meri, jonka rannalla Latvia sijaitseeItämeri
95%
NaapurimaatValko-Venäjä
95%
Suosituin urheilulajiJääkiekko
76%
Valtio, joka hallitsi Latvian koillisosia 1629–1721Ruotsi
52%
Latvian valuutta ennen vuotta 2014Lati
50%
Liitto, johon pääkaupunki kuului keskiajallaHansaliitto
45%
Kieli, jonka viimeinen puhuja kuoli 2013Liivi
41%
Latvian ja sen kahden naapurimaan itsenäistymiseen johtanut tapahtumasarja{Laulava} vallankumous
33%
Pääkaupungin halki virtaava suuri jokiVäinäjoki
26%
Toiseksi suurin kaupunkiDaugavpils
25%
Suurin kaupunki yllä olevan alueellaLiepāja
22%
Historiallinen alue Latvian länsiosassa{Kuurin}maa
21%
Vuodesta 1237 1500-luvulle Latviaa hallinnut valtioSaksalainen ritarikunta
20%
Historiallinen alue Latvian itäosassa, joka on muusta maasta
poiketen katolilaisenemmistöinen
Latgallia
12%
Nimitys latvialaiselle kansanrunolle tai -laululleDaina
10%

Tulosjakauma

Persentiili vastausten määrän mukaan

Jokaisen tuloksen saaneiden osuus

Tuloshistoriasi

Et ole pelannut tätä visaa